[Event "Politiken Cup"]
[Site "Helsingor DEN"]
[Date "2008.07.26"]
[Round "9"]
[White "Molvig,H"]
[Black "Delemarre,J"]
[Result "1/2-1/2"]
[WhiteElo "2204"]
[BlackElo "2467"]

1.d4 Nf6 2.c4 g6 3.Nc3 Bg7 4.e4 d6 5.Nf3 O-O 6.Be2 e5 7.O-O Na6 8.Bg5 h6
9.Bh4 g5 10.Bg3 Nh5 11.d5 f5 12.exf5 Bxf5 13.Nd2 Nf6 14.f3 c6 15.Bf2  1/2-1/2

[Event "1st Open"]
[Site "Paleochora GRE"]
[Date "2008.07.26"]
[Round "7"]
[White "Fontaine,R"]
[Black "Klimov,A"]
[Result "1/2-1/2"]
[WhiteElo "2554"]
[BlackElo "2423"]

1.d4 Nf6 2.c4 g6 3.Nc3 Bg7 4.e4 d6 5.Nf3 O-O 6.Be2 e5 7.O-O exd4 8.Nxd4 Re8
9.f3 Nc6 10.Be3 Nh5 11.Nxc6 bxc6 12.Qd2 Qe7 13.Rae1 Nf6 14.Bd3 a5 15.Kh1 Qf8
16.f4 Ng4 17.Bg1 f5 18.h3 Nh6 19.exf5 Bxf5 20.Ne4 d5 21.cxd5 cxd5 22.Bc5 Qf7
23.Ng5 Qd7 24.Be2 Nf7 25.Nxf7 Qxf7 26.Bb5 Bd7 27.Rxe8+ Bxe8 28.Bd3 Bd7 29.Re1 Bf6
30.g4 a4 31.f5 Re8 32.Rxe8+ Qxe8 33.fxg6 hxg6 34.Qh6 Bg7 35.Qg5 d4 36.Kg2 Bc6+
37.Kf2 Qf7+ 38.Ke1 Qd5 39.Qxd5+ Bxd5 40.a3  1/2-1/2

[Event "9th Epetium Open"]
[Site "Stobrec CRO"]
[Date "2008.07.26"]
[Round "1"]
[White "Klaric,A1"]
[Black "Plenkovic,Z"]
[Result "1/2-1/2"]
[WhiteElo "1840"]
[BlackElo "2346"]

1.d4 Nf6 2.c4 g6 3.Nc3 Bg7 4.e4 d6 5.Nf3 O-O 6.Be2 e5 7.O-O exd4 8.Nxd4 Re8
9.Bf3 Nfd7 10.Be3 Nc6 11.Be2 Nf6 12.f3 Nh5 13.Qd2 f5 14.Nxc6 bxc6 15.Bg5 Nf6
16.Rad1 Qe7 17.Rfe1 fxe4 18.fxe4 Qe5 19.Bf4 Qc5+ 20.Be3 Qa5 21.Bf3 Ng4 22.Bd4 Ne5
23.Be2 Be6 24.b3 c5 25.Bxe5 Bxe5 26.Nb1 Qxd2 27.Nxd2 Bd7 28.Bf3 Bc6 29.Nf1 a5
30.Kf2 a4 31.Ke2 axb3 32.axb3 Bc3 33.Nd2 Ra2 34.Kd3 Ba5 35.Re3 Rb2 36.e5 Bxf3
37.Nxf3 Rxb3+ 38.Ke4 Rxe3+ 39.Kxe3 Kf7 40.Kf4 Re7 41.h4 c6 42.Rd3 dxe5+ 43.Ke4  1/2-1/2

[Event "1st Open"]
[Site "Paleochora GRE"]
[Date "2008.07.27"]
[Round "8"]
[White "Halkias,S"]
[Black "Souleidis,G"]
[Result "1-0"]
[WhiteElo "2579"]
[BlackElo "2431"]

1.d4 Nf6 2.c4 g6 3.Nc3 Bg7 4.e4 d6 5.Nf3 O-O 6.Be2 Na6 7.O-O e5 8.Be3 Ng4
9.Bg5 Qe8 10.dxe5 dxe5 11.Qc1 c6 12.Rd1 f6 13.Bd2 f5 14.h3 Nf6 15.exf5 gxf5
16.Bh6 f4 17.Bxg7 Kxg7 18.Re1 e4 19.Bd3 Nc5 20.Bxe4 Nfxe4 21.Nxe4 Nxe4 22.Qc2 Bxh3
23.gxh3 Qg6+ 24.Kh2 Ng5 25.Qc3+  1-0

[Event "83rd ch-ARG s/f"]
[Site "Buenos Aires ARG"]
[Date "2008.07.28"]
[Round "9"]
[White "Negri,Sa"]
[Black "Restuccia,F"]
[Result "1-0"]
[WhiteElo "2133"]
[BlackElo "2148"]

1.d4 Nf6 2.Nf3 g6 3.c4 Bg7 4.Nc3 O-O 5.e4 d6 6.Be2 Na6 7.O-O e5 8.Be3 Ng4
9.Bg5 Qe8 10.dxe5 h6 11.Bd2 Nxe5 12.Ne1 f5 13.f4 Nc6 14.exf5 Bxf5 15.g4 Bd7
16.Nc2 Nc5 17.Re1 Nd4 18.Nxd4 Bxd4+ 19.Kg2 Qf7 20.Bf3 c6 21.Qc2 Ne6 22.Rf1 Kh8
23.Ne2 Bg7 24.Rae1 Rad8 25.h3 Bc8 26.Be4 d5 27.cxd5 cxd5 28.Bxg6 Qf6 29.b3 d4
30.Ng3 d3 31.Bxd3 Qd4 32.Rf3 Nxf4+ 33.Bxf4 Rxf4 34.Rxf4 Qxf4 35.Nh5 Qd4 36.Re7 Qxd3
37.Re8+ Kh7 38.Qxd3+ Rxd3 39.Rxc8 Be5 40.Re8 Bd6 41.Rd8 Rd2+ 42.Kf3 Kg6 43.Rd7 b6
44.Rg7+  1-0

[Event "Dutch Open"]
[Site "Dieren NED"]
[Date "2008.07.28"]
[Round "6"]
[White "Wiersma,E"]
[Black "Kuling,L"]
[Result "1-0"]
[WhiteElo "2419"]
[BlackElo "2196"]

1.d4 Nf6 2.c4 g6 3.Nc3 Bg7 4.e4 d6 5.Nf3 O-O 6.Be2 e5 7.O-O exd4 8.Nxd4 Re8
9.f3 Nc6 10.Be3 Nh5 11.Qd2 f5 12.Nxc6 bxc6 13.Bg5 Qd7 14.Rad1 Rb8 15.c5 d5
16.exd5 cxd5 17.Rfe1 c6 18.a3 a5 19.Na4 Qa7 20.Bf1 Be6 21.Re2 Bf7 22.Rde1 Bf8
23.Qc3 Bg7 24.Qd2 Bf8 25.Rxe8 Rxe8 26.Rxe8 Bxe8 27.Qe3 Bf7 28.Bd8 Ng7 29.Bb6 Qa8
30.Qc3 Ne6 31.Bxa5 Bg7 32.Qd2 Bd4+ 33.Kh1 Qf8 34.Bc3 Bxc5 35.Nxc5 Qxc5 36.b4 Qa7
37.Bb2 Qa4 38.b5 d4 39.bxc6 Qxc6 40.Qd1 Be8 41.Qb3 Kf7 42.Bc4 Bd7 43.Bxd4 Ke7
44.Bg1 h5 45.a4 h4 46.a5 h3 47.gxh3 Bc8 48.a6 Kf6 49.Qd3 Kg5 50.Qd5 Qxd5
51.Bxd5 Bxa6 52.Bxe6 Bb7 53.Kg2 Kf4 54.Bc5 Bxf3+ 55.Kf2 Bc6 56.Bd6+ Kg5 57.Be7+ Kh5
58.Bf7 Ba4 59.h4 Bd1 60.Kg3 Kh6 61.Kf4 Bc2 62.Bg5+ Kg7 63.Be8 Bd1 64.Ke5 Be2
65.Ke6 Bd1 66.Bf4 Be2 67.Be5+ Kh7 68.Kf6 Bh5 69.Bg3 f4 70.Bf2 Kh6 71.Bf7 Kh7
72.Kg5 Kg7 73.Be8 Kh7 74.Bd4 f3 75.Bf7  1-0

[Event "95th ch-GBR"]
[Site "Liverpool ENG"]
[Date "2008.07.28"]
[Round "1"]
[White "Knott,S"]
[Black "Hebden,M"]
[Result "1/2-1/2"]
[WhiteElo "2365"]
[BlackElo "2520"]

1.Nf3 Nf6 2.c4 g6 3.Nc3 Bg7 4.e4 d6 5.d4 O-O 6.Be2 e5 7.O-O Nbd7 8.Be3 Re8
9.d5 Nh5 10.g3 Bf8 11.Ne1 Ng7 12.Ng2 f5 13.f3 Nf6 14.g4 Bd7 15.h3 Kh8 16.Kh2 Be7
17.a4 a5 18.Rh1 Rf8 19.Qd2 Rf7 20.Raf1 b6 21.Kg1 Bc8 22.Qd1 Nd7 23.h4 fxg4
24.fxg4 Rxf1+ 25.Kxf1 Nf6 26.Ke1 Bd7 27.Kd2 c6 28.Bg5 cxd5 29.cxd5 Rc8 30.Bxf6 Bxf6
31.g5 Be7 32.Ne3 Qc7 33.Bg4 Rf8 34.Rf1 Rf4 35.Rxf4 exf4 36.Ng2 Be8 37.Nxf4 Qc5
38.Nd3 Qd4 39.Qf3 h6 40.gxh6 Nh5 41.Bxh5 gxh5 42.Qf5 Qf6 43.Qxf6+ Bxf6 44.Nb5 Bxb5
45.axb5 Kh7 46.Ke3 Kxh6 47.e5 dxe5 48.Ke4 Kg7 49.Nxe5 Bxh4 50.d6 Kf6 51.Nd7+  1/2-1/2

[Event "95th ch-GBR"]
[Site "Liverpool ENG"]
[Date "2008.07.28"]
[Round "1"]
[White "Pert,R"]
[Black "Zhou,Y"]
[Result "0-1"]
[WhiteElo "2468"]
[BlackElo "2259"]

1.d4 Nf6 2.Nf3 g6 3.c4 Bg7 4.Nc3 O-O 5.e4 d6 6.Be2 e5 7.Be3 Ng4 8.Bg5 f6
9.Bc1 exd4 10.Nxd4 f5 11.h3 Ne5 12.exf5 gxf5 13.Nd5 Ng6 14.h4 Nxh4 15.g3 Ng6
16.Bh6 Bxh6 17.Rxh6 Nc6 18.Nb5 a6 19.Nbxc7 Ra7 20.Qd2 b6 21.O-O-O Nce5 22.f4 Ng4
23.Bxg4 fxg4 24.Rdh1 Rxc7 25.Nxc7 Qxc7 26.Qd5+ Qf7 27.Rxh7 Qxd5 28.cxd5 Rf7
29.R7h5 Kg7 30.Kd2 Kf6 31.Rc1 Bb7 32.Rg5 Ne5 33.Rg8 Nf3+ 34.Kd3 Bxd5 35.Rxg4 Re7
36.f5 Ne5+ 37.Kd4 Nxg4 38.Kxd5 Re2 39.b4 Rd2+ 40.Kc6 b5 41.Ra1 d5 42.a4 Ne3
43.axb5 Rc2+ 44.Kb6 axb5 45.Kxb5 d4 46.Ka4 d3 47.Kb3 d2 48.Rd1 Ra2 49.Rh1 Ra8
50.b5 d1=Q+ 51.Rxd1 Nxd1 52.Kc4 Ne3+ 53.Kc5 Nxf5 54.b6 Ne7  0-1

[Event "CSOB IM CUP"]
[Site "Mlada Boleslav CZE"]
[Date "2008.07.28"]
[Round "2"]
[White "Plischki,S"]
[Black "Fiala,Jar"]
[Result "1-0"]
[WhiteElo "2402"]
[BlackElo "2281"]

1.Nf3 Nf6 2.c4 g6 3.Nc3 Bg7 4.e4 d6 5.d4 O-O 6.Be2 e5 7.Be3 exd4 8.Nxd4 Re8
9.f3 c6 10.Bf2 Nh5 11.Qd2 f5 12.exf5 gxf5 13.O-O Be5 14.Rfe1 f4 15.Rad1 a6
16.Ne4 Nd7 17.Nf5 d5 18.cxd5 Ndf6 19.Nxf6+ Qxf6 20.Nd4 c5 21.Nb3 Bxb2 22.d6 Bf5
23.Bxc5 Bc3 24.Qd5+ Kh8 25.Bd3 Bxd3 26.Qxd3 Rg8 27.Nd4 Rxg2+ 28.Kxg2 Qg6+
29.Kh1 Bxe1 30.Rxe1  1-0

[Event "1st Open"]
[Site "Paleochora GRE"]
[Date "2008.07.28"]
[Round "9"]
[White "Henrichs,T"]
[Black "Markidis,K"]
[Result "1-0"]
[WhiteElo "2491"]
[BlackElo "2315"]

1.Nf3 Nf6 2.c4 g6 3.Nc3 Bg7 4.e4 d6 5.d4 O-O 6.Be2 e5 7.O-O c6 8.Be3 Na6
9.d5 Ng4 10.Bg5 f6 11.Bh4 c5 12.Ne1 Nh6 13.Nd3 Bd7 14.Rb1 Qe7 15.b4 b6 16.bxc5 bxc5
17.Nb5 g5 18.Bg3 f5 19.f3 g4 20.fxg4 Nxg4 21.Bxg4 fxg4 22.Rxf8+ Bxf8 23.Qe1 Bg7
24.Bh4 Bf6 25.Bxf6 Qxf6 26.Qa5 Bxb5 27.cxb5 Rf8 28.Qxa6 c4 29.Qxa7 cxd3 30.Qe3 Qg6
31.Qxd3 Rf3 32.gxf3 gxf3+ 33.Kf2 Qg2+ 34.Ke3 Qxh2 35.Kxf3  1-0

[Event "TIPC Open"]
[Site "Charleroi BEL"]
[Date "2008.07.29"]
[Round "5"]
[White "Lhost,G"]
[Black "Sarrau,J"]
[Result "0-1"]
[WhiteElo "2010"]
[BlackElo "2203"]

1.d4 Nf6 2.c4 g6 3.Nc3 Bg7 4.Nf3 O-O 5.e4 d6 6.Be2 e5 7.d5 Na6 8.O-O Nc5
9.Nd2 a5 10.f3 Bh6 11.Nb3 Bxc1 12.Qxc1 Nxb3 13.axb3 Bd7 14.f4 exf4 15.Qxf4 Ne8
16.c5 f6 17.Rae1 Qe7 18.Bc4 Kg7 19.Qh4 Qe5 20.Kh1 dxc5 21.d6 Nxd6 22.Rd1 Bc6
23.Bd5 Rae8 24.Qf2 Bxd5 25.Rxd5 Nxe4 26.Rd7+ Re7 27.Rxe7+ Qxe7 28.Nxe4 Qxe4
29.Qxc5 Qe5  0-1

[Event "13th Open"]
[Site "Creon FRA"]
[Date "2008.07.29"]
[Round "2"]
[White "Duffau,P"]
[Black "Ippolito,M"]
[Result "0-1"]
[WhiteElo "2019"]
[BlackElo "2272"]

1.Nf3 g6 2.d4 Bg7 3.c4 Nf6 4.Nc3 O-O 5.e4 d6 6.Be2 e5 7.O-O Nh5 8.Re1 Nf4
9.Bf1 Bg4 10.d5 Qf6 11.Bxf4 exf4 12.Nb5 Qe7 13.Rb1 a6 14.Na3 Nd7 15.Nc2 a5
16.Bd3 Bxf3 17.Qxf3 Ne5 18.Qd1 Qh4 19.f3 c6 20.Re2 cxd5 21.cxd5 h5 22.Bb5 Rfc8
23.Nd4 Qd8 24.Kh1 Qb6 25.a4 Rc7 26.Rd2 Rac8 27.Nc2 Rc5 28.Ne1 R5c7 29.Nd3 g5
30.Nxe5 Bxe5 31.b3 Rc3 32.Bc4 Qb4 33.Rd3 Kg7 34.Rxc3 Qxc3 35.Qd3 Qb4 36.Rd1 Kf6
37.Kg1 g4 38.fxg4 hxg4 39.Qd2 Qxd2 40.Rxd2 Bc3 41.Rc2 Bd4+ 42.Kf1 Rh8 43.g3 f3
44.Bb5 Ke5 45.Bd7 Kxe4 46.Bxg4 f5  0-1

[Event "95th ch-GBR"]
[Site "Liverpool ENG"]
[Date "2008.07.29"]
[Round "2"]
[White "Dilleigh,S"]
[Black "Horner,J"]
[Result "0-1"]
[WhiteElo "2131"]
[BlackElo "2372"]

1.d4 Nf6 2.c4 g6 3.Nc3 Bg7 4.e4 d6 5.Nf3 O-O 6.Be2 e5 7.Be3 Nc6 8.d5 Ne7
9.Nd2 Ne8 10.c5 f5 11.f3 Kh8 12.Nc4 Ng8 13.cxd6 cxd6 14.O-O f4 15.Bf2 g5
16.Nb5 a6 17.Nb6 Rb8 18.Nc3 Ngf6 19.Nxc8 Rxc8 20.Qb3 Qe7 21.Rfc1 Rg8 22.a4 h5
23.Qd1 Bh6 24.Na2 Rd8 25.Bb6 Rd7 26.Rc8 g4 27.Kh1 Qh7 28.Nc3 Rdg7 29.Qf1 Qg6
30.a5 Bg5 31.b4 Bh4 32.b5 axb5 33.Bxb5 Qg5 34.Rc1 Bg3 35.h3 gxh3 36.gxh3 Qh4
37.Ne2 Nxe4 38.fxe4 f3 39.Nc3 Bf4 40.Bf2 Rg2  0-1

[Event "CSOB IM CUP"]
[Site "Mlada Boleslav CZE"]
[Date "2008.07.30"]
[Round "4"]
[White "Plischki,S"]
[Black "Praznik,A"]
[Result "1-0"]
[WhiteElo "2402"]
[BlackElo "2241"]

1.Nf3 Nf6 2.c4 g6 3.Nc3 Bg7 4.e4 d6 5.d4 O-O 6.Be2 e5 7.O-O Na6 8.Be3 Ng4
9.Bg5 Qe8 10.Re1 c6 11.h3 f6 12.Bc1 Nh6 13.Bf1 Nf7 14.Rb1 exd4 15.Nxd4 Nc5
16.b4 Ne6 17.Nf5 Qd8 18.Nxg7 Kxg7 19.Rb2 Re8 20.g3 a5 21.b5 Kg8 22.f4 Bd7
23.Rd2 Nc5 24.Bg2 Qb6 25.Kh2 f5 26.Ba3 Rad8 27.exf5 Rxe1 28.Qxe1 gxf5 29.Qe7 Re8
30.Bxc5 Qxc5 31.Qxd7 Re1 32.h4 Qe3 33.Re2 Rxe2 34.Nxe2 Qxe2 35.Qxf5 Qxc4
36.b6 Qa6 37.Qc8+ Kg7 38.Bxc6 Qxb6 39.Qxb7 Qf2+ 40.Kh3 Kf6 41.Qb3 Qd4 42.Qd5 Qb4
43.Be8 Nh8 44.Qg5+  1-0

[Event "TIPC Open"]
[Site "Charleroi BEL"]
[Date "2008.07.31"]
[Round "7"]
[White "Lhost,G"]
[Black "Lui,E"]
[Result "0-1"]
[WhiteElo "2010"]
[BlackElo "1921"]

1.d4 Nf6 2.c4 g6 3.Nc3 Bg7 4.e4 d6 5.Nf3 O-O 6.Be2 e5 7.O-O Na6 8.Be3 Ng4
9.Bg5 Qe8 10.h3 h6 11.Bc1 Nf6 12.Re1 exd4 13.Qxd4 Nb4 14.Bd1 Nfd5 15.Qd2 Nxc3
16.bxc3 Nc6 17.Rb1 Ne5 18.Nxe5 Qxe5 19.Qe2 Qxc3 20.Bb2 Qa5 21.Bxg7 Kxg7 22.Rb5 Qc3
23.f4 Re8 24.e5 Qd4+ 25.Kh1 Qxf4 26.Qb2 Rxe5 27.Rbxe5 dxe5 28.Rxe5 Qf6 29.Bf3 Bxh3  0-1

[Event "13th Open"]
[Site "Creon FRA"]
[Date "2008.07.31"]
[Round "5"]
[White "Darrigues,A"]
[Black "Lejarre,L"]
[Result "1/2-1/2"]
[WhiteElo "2012"]
[BlackElo "2409"]

1.d4 Nf6 2.c4 g6 3.Nc3 Bg7 4.e4 d6 5.Be2 O-O 6.Nf3 Na6 7.O-O e5 8.Re1 c6
9.Rb1 exd4 10.Nxd4 Re8 11.f3 Nh5 12.Be3 f5 13.Qd2 f4 14.Bf2 Be5 15.Red1 Qe7
16.b4 Nc7 17.Nb3 Qg7 18.Rbc1 Nf6 19.a4 g5 20.c5 d5 21.exd5 Ncxd5 22.Nxd5 Nxd5
23.Bc4 g4 24.Nd4 g3 25.hxg3 fxg3 26.Be3 Kh8 27.Bxd5 cxd5 28.Ne2 Bd7 29.b5 Rad8
30.Kf1 Bc8 31.Bg5 Rd7 32.Bh4 d4 33.Qg5 Qxg5 34.Bxg5 d3 35.Nc3 Rg7 36.Ne4 Bf5
37.Bf6 Bxf6 38.Nxf6 Re2 39.Nh5 Rg8 40.Rc4 Rc2 41.Rd4 Rxc5 42.Nf4 Rgc8 43.Nxd3 Bxd3+
44.R1xd3 Rc1+ 45.Rd1 Rxd1+ 46.Rxd1 Rc7 47.Rd4 Rc1+ 48.Ke2 Rg1 49.Ke3 Rxg2
50.Kf4 Kg7 51.Rd7+ Kg6 52.Rd6+ Kh5 53.Rd7 Kg6  1/2-1/2

[Event "17th Open"]
[Site "Kavala GRE"]
[Date "2008.07.31"]
[Round "1"]
[White "Graf,A"]
[Black "Kanakaris,G"]
[Result "1-0"]
[WhiteElo "2621"]
[BlackElo "2284"]

1.d4 Nf6 2.c4 g6 3.Nc3 Bg7 4.e4 d6 5.Nf3 O-O 6.Be2 e5 7.d5 a5 8.O-O Na6 9.Re1 Nc5
10.Bf1 Bd7 11.Rb1 Ne8 12.Be3 b6 13.Nd2 f5 14.exf5 gxf5 15.f4 e4 16.Be2 Nf6
17.Nf1 Qe8 18.Bd4 Qg6 19.Qd2 Qh6 20.g3 Rae8 21.Nd1 Re7 22.Nde3 Nh5 23.Ng2 Bxd4+
24.Qxd4 Rg7 25.b3 Nf6 26.a3 Qh3 27.b4 axb4 28.axb4 Nd3 29.Bxd3 exd3 30.Re3 h5
31.Ne1 Ng4 32.Nxd3 h4 33.Nf2 Nxf2 34.Kxf2 Ba4 35.Rc1 Be8 36.Rce1 Bh5 37.Qc3  1-0

[Event "III Open"]
[Site "Oviedo ESP"]
[Date "2008.07.31"]
[Round "9"]
[White "Blazquez Lopez,B"]
[Black "Bajo Gutierrez,I"]
[Result "1/2-1/2"]
[WhiteElo "2116"]
[BlackElo "2238"]

1.d4 Nf6 2.Nf3 g6 3.c4 Bg7 4.Nc3 O-O 5.e4 d6 6.Be2 e5 7.dxe5 dxe5 8.Qxd8 Rxd8
9.Nd5 Nxd5 10.cxd5 c6 11.Bc4 cxd5 12.Bxd5 Nc6 13.Bg5 Re8 14.O-O Bg4 15.Bxc6 bxc6
16.Rac1 f6 17.Be3 Reb8 18.b3 Bd7 19.Rfd1 Be8 20.Nd2 a5 21.Nc4 Ra6 22.Nb2 Bf8
23.Na4 Raa8 24.Bc5 Bh6 25.Rc3 f5 26.f3 Rb5 27.Kf1 Bg5 28.Ke2 Rb7 29.Bd6 fxe4
30.fxe4 c5 31.Nxc5 Rf7 32.Rf3 Rc8 33.Rxf7 Bxf7 34.Rb1 Rc6 35.Rd1 h5 36.g3 h4
37.Kf3 Kh7 38.Rd3 Bd8 39.Nd7 Rc2 40.Bxe5 Be7 41.Nf6+ Bxf6 42.Bxf6 hxg3 43.hxg3 g5
44.a3 Kg6 45.Bd8 Rc5 46.Rd6+ Kh7 47.Rd3 Rb5 48.Rc3 Bxb3 49.Ke3 a4 50.Kd4 Kg6
51.Rc6+ Kf7 52.Rc5 Rxc5 53.Kxc5 g4 54.Kd6 Ke8  1/2-1/2

[Event "13th Open"]
[Site "Creon FRA"]
[Date "2008.08.01"]
[Round "7"]
[White "Ludwig,Re"]
[Black "Lejarre,L"]
[Result "1-0"]
[WhiteElo "2175"]
[BlackElo "2409"]

1.d4 Nf6 2.c4 g6 3.Nc3 Bg7 4.e4 d6 5.Be2 O-O 6.Nf3 Na6 7.O-O e5 8.Re1 c6
9.Bf1 Bg4 10.d5 Ne8 11.h3 Bd7 12.c5 cxd5 13.Bxa6 bxa6 14.Bg5 f6 15.Qxd5+ Rf7
16.Be3 dxc5 17.Rad1 Qc8 18.Qxc5 Bf8 19.Qxc8 Rxc8 20.Re2 Be6 21.Red2 Kg7 22.Rd8 Rfc7
23.Rxc8 Bxc8 24.Rd8 Nd6 25.Nd5 Rf7 26.Nd2 Be6 27.Nc3 Nb5 28.a4 Nxc3 29.bxc3 Ba3
30.Nb1 Bf8 31.Ra8 Bb3 32.a5 Bc2 33.Nd2 Ba3 34.Bxa7 Rc7 35.Be3 Bd3 36.c4 Rc6
37.Ra7+ Kg8 38.Bh6 Bb4 39.Rg7+ Kh8 40.Ra7 Kg8 41.Rg7+ Kh8 42.Rb7 Bd6 43.Rd7 Kg8
44.c5  1-0

[Event "17th Open"]
[Site "Martigny SUI"]
[Date "2008.08.02"]
[Round "2"]
[White "Dobrev,Nan"]
[Black "Moret,J"]
[Result "1-0"]
[WhiteElo "2423"]
[BlackElo "2068"]

1.d4 Nf6 2.Nf3 d6 3.c4 g6 4.Nc3 Bg7 5.e4 O-O 6.Be2 e5 7.O-O exd4 8.Nxd4 Re8
9.f3 Nc6 10.Be3 Nh5 11.f4 Nxd4 12.Bxd4 Nf6 13.Bf3 c6 14.Qd2 Be6 15.b3 Bg4
16.Bxf6 Qxf6 17.e5 Qe6 18.Bxg4 Qxg4 19.exd6 Rad8 20.Rae1 Rxe1 21.Rxe1 Bxc3
22.Qxc3 Qxf4 23.d7 Qb8 24.Qf6 Rf8 25.Re7 Qd8 26.h4 c5 27.h5 gxh5 28.Qg5+ Kh8
29.Qe5+ Kg8 30.Re8 Qxd7 31.Qg5+  1-0

[Event "Najdorf Memorial Open"]
[Site "Warsaw POL"]
[Date "2008.08.02"]
[Round "1"]
[White "Plichta,K"]
[Black "Jaroch,P"]
[Result "0-1"]
[WhiteElo "2014"]
[BlackElo "2255"]

1.d4 d6 2.Nf3 Nf6 3.c4 Nbd7 4.Nc3 e5 5.e4 g6 6.Be2 Bg7 7.O-O O-O 8.Be3 exd4
9.Nxd4 c6 10.f3 a5 11.Qd2 Qe7 12.Rfd1 Ne8 13.Rac1 f5 14.exf5 gxf5 15.Na4 Qf6
16.Bd3 f4 17.Bf2 Ne5 18.Be4 Qg5 19.Nb6 Nf6 20.Nxa8 Nxe4 21.fxe4 c5 22.h4 Qg4
23.Rf1 cxd4 24.Bxd4 Qxh4 25.Bxe5 Bxe5 26.Nc7 f3 27.gxf3 Kh8 28.Rf2 Bh3  0-1

[Event "17th Open"]
[Site "Kavala GRE"]
[Date "2008.08.03"]
[Round "5"]
[White "Halkias,S"]
[Black "Kiewra,K"]
[Result "1/2-1/2"]
[WhiteElo "2579"]
[BlackElo "2336"]

1.d4 Nf6 2.c4 g6 3.Nc3 Bg7 4.e4 d6 5.Nf3 O-O 6.Be2 e5 7.Be3 exd4 8.Nxd4 Re8
9.f3 c6 10.Bf2 d5 11.exd5 cxd5 12.O-O Nc6 13.c5 Nh5 14.Qd2 Be5 15.g3 Ng7
16.Rfd1 Be6 17.Ncb5 Nxd4 18.Bxd4 Bxd4+ 19.Nxd4 Qf6 20.Bf1 Nf5 21.Nxf5 Qxf5
22.Qc3 Rac8 23.Rac1 Rc7 24.Rd4 Qf6 25.Ra4 Qxc3 26.Rxc3 Rec8 27.b4 b6 28.Ba6 Rd8
29.Raa3 d4 30.Rc1 bxc5 31.Rxc5 Re7  1/2-1/2

[Event "Arctic Chess Challenge"]
[Site "Tromso NOR"]
[Date "2008.08.03"]
[Round "2"]
[White "Likavsky,T"]
[Black "Arvola,B"]
[Result "1-0"]
[WhiteElo "2485"]
[BlackElo "2105"]

1.d4 Nf6 2.c4 g6 3.Nc3 Bg7 4.e4 d6 5.Nf3 O-O 6.Be2 e5 7.Be3 Na6 8.O-O Ng4
9.Bg5 Qe8 10.dxe5 dxe5 11.Nd2 h6 12.Bh4 Nf6 13.Nd5 g5 14.Bg3 c6 15.Ne3 Nc5
16.Qc2 a5 17.Rfe1 h5 18.h4 g4 19.Bf1 Qe7 20.Nf5 Bxf5 21.exf5 e4 22.Rad1 Rad8
23.Nb3 b6 24.Qc1 Nxb3 25.axb3 Qc5 26.Qg5 Rfe8 27.Bf4 Qe7 28.g3 Rxd1 29.Rxd1 Rd8
30.Rxd8+ Qxd8 31.Be5 Qe7 32.Bc3 Kf8 33.Bg2 c5 34.Kh2 Bh8 35.Qf4 Bg7 36.Qb8+ Ne8
37.Qxb6 Bxc3 38.bxc3 Qe5 39.Qxa5 Qxf5 40.Kg1 Qe5 41.b4 e3 42.fxe3 Qxg3 43.Qxc5+ Nd6
44.Kf1 f5 45.b5 Ke7 46.b6  1-0

[Event "12th HZ Open"]
[Site "Vlissingen NED"]
[Date "2008.08.03"]
[Round "3"]
[White "Akesson,R"]
[Black "Sonder,P"]
[Result "1-0"]
[WhiteElo "2481"]
[BlackElo "2079"]

1.Nf3 Nf6 2.c4 g6 3.Nc3 Bg7 4.e4 d6 5.d4 O-O 6.Be2 Nbd7 7.O-O e5 8.Be3 c6
9.d5 c5 10.Ne1 Ne8 11.g4 g5 12.Qd2 f6 13.h4 h6 14.Kg2 Rf7 15.Rb1 Nf8 16.h5 b6
17.Nd3 Rb7 18.b4 Rab8 19.Rb2 Nd7 20.Rfb1 Bf8 21.f3 Ng7 22.Bd1 Rc7 23.Nb5 Rcb7
24.bxc5 dxc5 25.Ba4 Ne8 26.Qe2 Bd6 27.Nc3 Rc7 28.Bc6 Ba6 29.Nb5 Bxb5 30.cxb5 Bf8
31.a4 Nd6 32.Ra2 Qe7 33.Nb2 Qf7 34.Rba1 f5 35.Bxd7 Rxd7 36.gxf5 Ne8 37.Nc4 Bd6
38.Rh1 Nf6 39.Kf1 Re8 40.a5 Rb8 41.axb6 axb6 42.Bd2 Qe8 43.Bc3 Rdd8 44.Kg1 Rb7
45.Ra8 Bb8 46.Nxe5 Nxd5 47.exd5 Re7 48.Rxb8 Rxb8 49.d6 Ra7 50.Qc4+ Kh7 51.f6 Rba8
52.f7 Ra1+ 53.Kg2 R8a2+ 54.Kg3  1-0

[Event "95th ch-GBR"]
[Site "Liverpool ENG"]
[Date "2008.08.04"]
[Round "7"]
[White "Elwin,A"]
[Black "Davis,Le"]
[Result "1-0"]
[WhiteElo "2022"]
[BlackElo "2071"]

1.d4 Nf6 2.c4 g6 3.Nc3 Bg7 4.e4 d6 5.Be2 O-O 6.Nf3 e5 7.dxe5 dxe5 8.Qxd8 Rxd8
9.Bg5 Re8 10.O-O-O h6 11.Bh4 Na6 12.Nd2 c6 13.f3 Nc5 14.Bf2 Nfd7 15.g3 a5
16.Nb3 Bf8 17.Rd2 Nxb3+ 18.axb3 Nc5 19.Kc2 a4 20.bxa4 Nxa4 21.Ra1 Nb6 22.Rad1 Na4
23.Nxa4 Rxa4 24.Rd8 Rxd8 25.Rxd8 Be6 26.Bc5 Bxc4 27.Bd1 Bd5 28.b3 Rd4 29.Bxd4  1-0

[Event "XVII TCh-MKD"]
[Site "Struga MKD"]
[Date "2008.08.04"]
[Round "1"]
[White "Andonovski,L"]
[Black "Jazadzievski,M"]
[Result "1-0"]
[WhiteElo "2300"]
[BlackElo "2246"]

1.d4 Nf6 2.c4 g6 3.Nc3 Bg7 4.e4 d6 5.Nf3 O-O 6.Be2 e5 7.Be3 Ng4 8.Bg5 f6
9.Bc1 Nc6 10.d5 Nd4 11.Nxd4 exd4 12.Nb5 f5 13.O-O Ne5 14.exf5 d3 15.Bxd3 Nxd3
16.Qxd3 Bxf5 17.Qd1 Qf6 18.Nxc7 Rac8 19.Ne6 Bxe6 20.dxe6 Qxe6 21.Be3 b6 22.Bd4 Bxd4
23.Qxd4 Rxc4 24.Qd3 Re4 25.b3 Re2 26.Qd4 d5 27.a4 Qe4 28.Rad1 Qxd4 29.Rxd4 Rd8
30.Rfd1 Rb2 31.g3 Rxb3 32.Rxd5 Rxd5 33.Rxd5 a5 34.Rd7 Rb4 35.Rb7 h5 36.h4 Kf8
37.Kg2 Ke8 38.f3 Kd8 39.Kh3 Kc8 40.Rg7 Rxa4 41.Rxg6 Rb4 42.Rg8+ Kb7 43.g4 a4
44.gxh5 a3 45.Rg1 Ra4 46.h6 Ra8 47.h7 Rh8 48.Ra1 Rxh7 49.Rxa3 Kc6 50.Kg4 Kd5
51.Rb3 Rb7 52.h5 b5 53.Kg5 Ke6 54.Kg6 Ke5 55.h6 Rb6+ 56.Kg5 Rb8 57.h7 Kd4
58.f4 Kc4 59.Rb1 b4 60.f5 b3 61.f6 Kc3 62.Kg6 Kc2 63.Rh1 b2 64.Kg7 b1=Q 65.Rxb1 Kxb1
66.h8=Q Rxh8 67.Kxh8  1-0

[Event "Timisoara Cup IM"]
[Site "Timisoara ROM"]
[Date "2008.08.04"]
[Round "3"]
[White "Sfarlog,T"]
[Black "Bogdan,D"]
[Result "1-0"]
[WhiteElo "2288"]
[BlackElo "1929"]

1.Nf3 g6 2.c4 Bg7 3.Nc3 d6 4.d4 Nf6 5.e4 O-O 6.Be2 Nbd7 7.O-O e5 8.Re1 c6
9.Bf1 a5 10.d5 Ne8 11.dxc6 bxc6 12.Na4 Qe7 13.b3 Nc7 14.Ba3 c5 15.Nc3 Ne6
16.Nd5 Qd8 17.Qd2 Bb7 18.Red1 f5 19.Qc2 Rf7 20.Nc3 Qf8 21.Bd3 Kh8 22.Bc1 Nd4
23.Qd2 f4 24.Nb5 Nxb5 25.cxb5 Nf6 26.Qe2 Qe7 27.Bb2 h6 28.Nd2 Ne8 29.Bc4 Rf6
30.Bd5 g5 31.Nc4 g4 32.Qd3 g3 33.f3 gxh2+ 34.Kh1 Rg6 35.Bxb7 Qxb7 36.Qd5 Qxd5
37.Rxd5 Nc7 38.Rxd6 Rxd6 39.Nxd6 Kg8 40.a4  1-0

[Event "Timisoara Cup GM"]
[Site "Timisoara ROM"]
[Date "2008.08.04"]
[Round "3"]
[White "Schmidt,Rau"]
[Black "Ilincic,Z"]
[Result "0-1"]
[WhiteElo "2400"]
[BlackElo "2519"]

1.Nf3 Nf6 2.c4 g6 3.Nc3 Bg7 4.e4 d6 5.d4 O-O 6.Be2 e5 7.O-O Nh5 8.g3 Bh3
9.Re1 exd4 10.Nxd4 Nf6 11.Bf4 Re8 12.Bf3 Nbd7 13.Bg2 Bxg2 14.Kxg2 Nc5 15.f3 Nfd7
16.Be3 Ne5 17.b3 c6 18.Qc2 a5 19.Rad1 Qb6 20.Nde2 Qb4 21.Bd2 Ncd3 22.Rf1 Qa3
23.Be3 Qb2 24.Qxb2 Nxb2 25.Rxd6 a4 26.Rd2 a3 27.Nd1 Red8 28.Rxd8+ Rxd8 29.Nf2 Ned3
30.Nc1 Nb4 31.f4 Bc3 32.Kf3 Nc2 33.e5 b5 34.cxb5 cxb5 35.Bb6 Rb8 36.Bc5 Rc8
37.Ne4 b4 38.Bf2 Rd8 39.Bb6 Rb8 40.Bf2 Rd8 41.Bb6 Rb8 42.Nf6+ Kg7 43.Bc7 Rc8
44.Ke4 Nd4 45.Nd5 Nb5 46.Bd6 Nxd6+ 47.exd6 f5+ 48.Ke3 Re8+ 49.Kf3 Rd8 50.Nxc3 bxc3
51.Ne2 Rxd6 52.Rc1 Rd3+ 53.Kf2 Rd2 54.Rxc3 Nd1+ 55.Ke1 Nxc3 56.Kxd2 Nxa2
57.Nd4 Nb4 58.Kc3 Nd5+ 59.Kc2 Kf6 60.Nb5 Ne3+ 61.Kc3 Nd1+  0-1

[Event "Arctic Chess Challenge"]
[Site "Tromso NOR"]
[Date "2008.08.04"]
[Round "3"]
[White "Simutowe,A"]
[Black "Kurnosov,I"]
[Result "0-1"]
[WhiteElo "2459"]
[BlackElo "2617"]

1.Nf3 Nf6 2.c4 g6 3.Nc3 Bg7 4.e4 d6 5.d4 O-O 6.Be2 e5 7.Be3 Ng4 8.Bg5 f6
9.Bh4 g5 10.Bg3 Nh6 11.d5 Nd7 12.Nd2 f5 13.exf5 Nf6 14.Nde4 Nxe4 15.Nxe4 Bxf5
16.Bd3 Qe8 17.O-O Qg6 18.Qc2 Kh8 19.c5 dxc5 20.Nxc5 b6 21.Bxf5 Nxf5 22.Nd3 Nxg3
23.hxg3 Rad8 24.Qc4 Qf7 25.Rad1 Rxd5 26.f3 c5 27.Qe4 Rfd8 28.Nf2 Rd4 29.Qb1 e4
30.Nxe4 Rxd1 31.Rxd1 Rxd1+ 32.Qxd1 Bd4+ 33.Kf1 Qxa2 34.Qc1 h6 35.Nc3 Qc4+
36.Ke1 Be5 37.Qd2 Bxg3+ 38.Kd1 Qd4 39.Qxd4+ cxd4 40.Ne4 Be5 41.Kd2 Kg7 42.Kd3 Kf7
43.Kc4 Ke6 44.g4 b5+ 45.Kb4 Bd6+ 46.Ka5 d3 47.Ka6 b4 48.Kb5 Kd5 49.Nxd6 Kxd6  0-1

[Event "Arctic Chess Challenge"]
[Site "Tromso NOR"]
[Date "2008.08.04"]
[Round "3"]
[White "Arvola,B"]
[Black "Carlsen,I"]
[Result "1-0"]
[WhiteElo "2105"]
[BlackElo "1521"]

1.d4 Nf6 2.Nf3 g6 3.c4 Bg7 4.Nc3 O-O 5.e4 d6 6.Be2 e5 7.O-O Nbd7 8.Re1 Re8
9.Bf1 exd4 10.Nxd4 Nc5 11.f3 Ne6 12.Be3 a6 13.Qd2 Nxd4 14.Bxd4 Be6 15.Rac1 Nd7
16.Bxg7 Kxg7 17.Nd5 Kg8 18.Red1 Nf6 19.Qc3 Bxd5 20.cxd5 Rc8 21.Qb4 Rb8 22.Rc2 Re7
23.Rdc1 Ne8 24.Qd4 Qd7 25.Kh1 f5 26.Bd3 fxe4 27.Bxe4 Qd8 28.Kg1 Rf7 29.Bd3 Qf6
30.Qa7 Qd8 31.Re2 Nf6 32.Qd4 Ne8 33.Rce1 Ng7 34.h4 Nf5 35.Qg4 Ng7 36.Qd4 Qf6
37.Qxf6 Rxf6 38.Re7 Rf7 39.Kf2 Kf8 40.Rxf7+ Kxf7 41.Re4 c5 42.dxc6 bxc6 43.b3 a5
44.Ra4 Rb4 45.Rxa5 Rxh4 46.Ra7+ Kf6 47.Rc7 c5 48.Bc4 Nf5 49.a4 h5 50.a5 Rd4
51.Ke2 Ng3+ 52.Kf2 Nf5 53.a6 Rd2+ 54.Kg1 Rd1+ 55.Kh2 Ra1 56.Rf7+ Ke5 57.f4+ Kxf4
58.a7 Ke5 59.Bb5 Ne7 60.Rxe7+  1-0